[Event "AUTO-ELITE-2474"]
[Site "http://www.queenalice.com/game.php?id=1831772"]
[Date "2024.2.16"]
[Round "2"]
[White "grotegeest"]
[Black "ichtus"]
[Result "0-1"]
[WhiteElo "2799"]
[BlackElo "2842"]

1. e4 e5 2. Nf3 Nc6 3. Bb5 Nge7 4. c3 d5 5. Qe2 Bg4 6. d3 a6 7. Ba4 Qd6 8. h3
Bh5 9. O-O O-O-O 10. Na3 Kb8 11. Rb1 g5 12. b4 b5 13. Bb3 Qg6 0-1

[Event "AUTO-ELITE-2474"]
[Site "http://www.queenalice.com/game.php?id=1831773"]
[Date "2024.2.16"]
[Round "2"]
[White "ichtus"]
[Black "grotegeest"]
[Result "1-0"]
[WhiteElo "2835"]
[BlackElo "2806"]

1. d4 Nf6 2. Nf3 g6 3. Bg5 Bg7 4. Nbd2 O-O 5. c3 d6 6. e4 c5 7. dxc5 dxc5 8. Bc4
Qc7 9. Qe2 h6 10. Bxf6 exf6 11. Nh4 Kh7 12. O-O Nc6 13. f4 a6 14. a4 Rb8 15. Nb3
1-0

[Event "AUTO-ELITE-2474"]
[Site "http://www.queenalice.com/game.php?id=1831774"]
[Date "2024.2.16"]
[Round "2"]
[White "Holanda76"]
[Black "ichtus"]
[Result "1/2-1/2"]
[WhiteElo "2532"]
[BlackElo "2845"]

1. c4 Nf6 2. Nf3 g6 3. d4 d5 4. cxd5 Bg7 5. Qa4+ c6 6. dxc6 Nxc6 7. e3 O-O 8.
Nc3 Bd7 9. Qb3 Re8 10. Be2 e5 11. dxe5 Nxe5 12. O-O b5 13. a3 a6 14. Rd1 Rc8 15.
Nxe5 Rxe5 16. Qb4 a5 17. Qd6 Qe8 18. Bf3 Bf5 19. Bb7 Re6 20. Qd2 Rb8 21. Bf3 h5
22. a4 b4 23. Nb5 Qc8 24. Nd6 Qc5 25. Qd4 Qxd4 26. Rxd4 Bc2 27. Rd2 Be4 28. Nxe4
Nxe4 29. Rc2 Rd6 30. g3 f5 31. Be2 Rbd8 32. Kf1 Kh7 33. Rb1 Rd5 34. f3 b3 35.
Rc7 Nd2+ 36. Bxd2 Rxd2 37. Rb7 Rc2 38. Rxb3 Rdd2 39. Bd3 Rf2+ 40. Ke1 Rcd2 41.
Rd1 Rxb2 42. Rxb2 Rxb2 43. e4 Rxh2 44. exf5 Bc3+ 45. Kf1 g5 1/2-1/2

[Event "AUTO-ELITE-2474"]
[Site "http://www.queenalice.com/game.php?id=1831775"]
[Date "2024.2.16"]
[Round "2"]
[White "ichtus"]
[Black "Holanda76"]
[Result "1-0"]
[WhiteElo "2840"]
[BlackElo "2538"]

1. Nf3 d5 2. g3 Nf6 3. Bg2 e6 4. O-O Be7 5. d4 O-O 6. c4 Nbd7 7. Qc2 c6 8. Bf4
b6 9. Rd1 Bb7 10. Ne5 Nh5 11. Bd2 Nhf6 12. cxd5 cxd5 13. Nc6 Bxc6 14. Qxc6 a6
15. e3 b5 16. Rc1 b4 17. Be1 Rc8 18. Qxc8 Qxc8 19. Rxc8 Rxc8 20. Nd2 a5 21. Nb3
Rc2 22. Rb1 a4 23. Na1 Rc7 24. Bf3 a3 25. bxa3 bxa3 26. Ba5 Rc8 27. Bd1 g5 28.
g4 Ne4 29. Nb3 Rb8 30. Nd2 Nef6 31. Kf1 Kg7 32. Bc7 Rc8 33. Rb7 Kf8 34. Bg3 Rc6
35. f3 Rb6 36. Rxb6 Nxb6 37. Bc7 Nc8 38. Ke2 h5 39. h3 hxg4 40. hxg4 Ne8 41. Ba5
Ncd6 42. e4 Nb7 43. Bc3 Nf6 44. Kd3 Nd8 45. Ba4 dxe4+ 46. Nxe4 Nd5 47. Bd2 Nf4+
48. Kc4 Nb7 49. Bc6 Nd6+ 50. Nxd6 Bxd6 51. Be4 Ke7 52. d5 exd5+ 53. Bxd5 f6 54.
Be4 Ne2 55. Be3 Kd7 56. Bd3 Nf4 57. Bf5+ Ke7 58. Bc5 1-0

[Event "Let's Play Chess!"]
[Site "http://www.queenalice.com/game.php?id=1835409"]
[Date "2024.4.22"]
[Round "-"]
[White "Charles56"]
[Black "ichtus"]
[Result "0-1"]
[WhiteElo "1689"]
[BlackElo "2833"]

1. Nf3 d5 2. d4 Nf6 3. h3 Bf5 4. a3 Nbd7 5. Nc3 e6 6. Bg5 Be7 7. e3 O-O 8. g4
Be4 9. Nxe4 Nxe4 10. Bxe7 Qxe7 11. Bg2 f5 12. gxf5 Rxf5 13. Qd3 Raf8 14. Qe2 Qf6
15. Rf1 Rxf3 16. Bxf3 Qxf3 17. Qxf3 Rxf3 18. Ke2 Rxh3 19. Kd3 Rf3 20. c4 Rxf2
21. Rxf2 Nxf2+ 22. Ke2 Ne4 23. c5 c6 24. Rc1 Ndf6 25. Rg1 g5 26. b4 h5 27. Rg2
g4 28. a4 h4 29. Rg1 g3 30. b5 h3 31. Kf3 g2 32. bxc6 bxc6 0-1

[Event "Challenge"]
[Site "http://www.queenalice.com/game.php?id=1835517"]
[Date "2024.4.22"]
[Round "-"]
[White "ichtus"]
[Black "Charles56"]
[Result "1-0"]
[WhiteElo "2834"]
[BlackElo "1678"]

1. d4 d5 2. Nf3 h6 3. g3 Nf6 4. Bg2 c6 5. Qd3 Na6 6. c4 dxc4 7. Qxc4 Be6 8. Qd3
g6 9. Bd2 Bg7 10. Ne5 Nd5 11. O-O Bf5 12. e4 Ndb4 13. Qa3 Nc2 14. Qb3 Bxe5 15.
Qxc2 Bxd4 16. exf5 g5 17. Na3 f6 18. Rad1 Qc7 19. Bc3 Bxc3 20. Qxc3 O-O 21. Rfe1
Rae8 22. Re6 Rf7 23. Nc4 Nc5 24. Nd6 Nxe6 25. Nxe8 Qb8 26. fxe6 Rf8 27. Nxf6+
Rxf6 28. Qb3 Qc8 29. Rd7 Qf8 30. Qd3 Qg7 31. Rxb7 Rxe6 32. Rb8+ Kf7 33. Qc4 Qe5
34. Bh3 Qe1+ 35. Kg2 Qe4+ 36. Qxe4 Rxe4 37. Rb7 a5 38. Bd7 Rc4 39. Rb6 c5 40.
Be6+ 1-0

[Event "AUTO-ELITE-2514"]
[Site "http://www.queenalice.com/game.php?id=1837026"]
[Date "2024.5.17"]
[Round "2"]
[White "ichtus"]
[Black "Sexxy_Bunny"]
[Result "1/2-1/2"]
[WhiteElo "2848"]
[BlackElo "2700"]

1. d4 Nf6 2. Nf3 d5 3. Bg5 e6 4. Nbd2 Be7 5. e3 Nbd7 6. Bd3 c5 7. c3 b6 8. O-O
Bb7 9. Ne5 Nxe5 10. dxe5 Nd7 11. Bxe7 Qxe7 12. f4 O-O 13. Qh5 g6 14. Qh3 f6 15.
Nf3 fxe5 16. fxe5 Rae8 17. Qg3 Bc6 18. h4 Qg7 19. Rad1 a5 20. Rfe1 b5 21. a3 a4
22. Re2 Re7 23. Rf2 Qh6 24. Re1 Ref7 25. Ree2 Qg7 26. Bc2 Nb6 27. h5 gxh5 28.
Ng5 Rxf2 29. Bxh7+ Kh8 30. Rxf2 Rxf2 31. Kxf2 Nc4 32. Bc2 Qe7 33. Qf4 Kg7 34.
Qg3 Kh8 35. Qf3 Be8 36. Nxe6 Nxe5 37. Qf5 Qf7 38. Qxf7 Bxf7 39. Nxc5 Nc4 40. Bd3
Nxb2 41. Bxb5 Nd1+ 42. Kf3 Nxc3 43. Bc6 Nb1 44. Nxa4 Nxa3 45. Nb6 Kg7 46. Bxd5
Bxd5+ 47. Nxd5 Nc2 48. g3 Kh6 49. Kf4 Kg6 50. e4 Nd4 51. Ke3 1/2-1/2

[Event "AUTO-ELITE-2514"]
[Site "http://www.queenalice.com/game.php?id=1837027"]
[Date "2024.5.17"]
[Round "2"]
[White "Sexxy_Bunny"]
[Black "ichtus"]
[Result "1/2-1/2"]
[WhiteElo "2694"]
[BlackElo "2849"]

1. e4 e5 2. Nf3 Nc6 3. Bb5 Nge7 4. O-O g6 5. c3 Bg7 6. d4 exd4 7. cxd4 d5 8.
exd5 Nxd5 9. Re1+ Be6 10. Bg5 Qd6 11. Nbd2 O-O 12. Ne4 Qb4 13. Bxc6 bxc6 14. Qc1
Rfe8 15. Bd2 Qb6 16. Nc5 Bf5 17. Ne5 Bf8 18. b3 Bxc5 19. Qxc5 Qxc5 20. dxc5 Re6
21. g4 Rae8 22. f4 Bc2 23. Kf2 f6 24. Nxc6 Bd3 25. h3 h5 26. gxh5 gxh5 27. Kg3
h4+ 28. Kxh4 Nxf4 29. Rxe6 Nxe6 30. Be3 Kf7 31. Rd1 Rh8+ 32. Kg3 Be4 33. Rd7+
Kf8 34. Nxa7 Rg8+ 35. Kh4 Rh8+ 36. Kg3 Rg8+ 37. Kh4 Rh8+ 38. Kg3 1/2-1/2

[Event "AUTO-ELITE-2514"]
[Site "http://www.queenalice.com/game.php?id=1837028"]
[Date "2024.5.17"]
[Round "2"]
[White "ichtus"]
[Black "trompmaster"]
[Result "1-0"]
[WhiteElo "2846"]
[BlackElo "2525"]

1. e4 d6 2. d3 Nf6 3. Nf3 c5 4. g3 Nc6 5. Bg2 g6 6. O-O Bg7 7. Nc3 O-O 8. a4 h6
9. Nd5 Be6 10. Nh4 Bxd5 11. exd5 Nb4 12. c4 Re8 13. Bh3 Nd7 14. f4 Qc7 15. f5 g5
16. f6 exf6 17. Nf5 Ne5 18. Bd2 Nbxd3 19. Bc3 Qb6 20. b3 Rad8 21. Bg2 Nb4 22.
Be4 Nd7 23. Qf3 1-0

[Event "AUTO-ELITE-2514"]
[Site "http://www.queenalice.com/game.php?id=1837029"]
[Date "2024.5.17"]
[Round "2"]
[White "trompmaster"]
[Black "ichtus"]
[Result "0-1"]
[WhiteElo "2403"]
[BlackElo "2839"]

1. Nf3 Nf6 2. c4 g6 3. Nc3 Bg7 4. e4 d6 5. d4 O-O 6. h3 e5 7. dxe5 dxe5 8. Bg5
Nbd7 9. Qc2 c6 10. Be2 Qe7 11. O-O Nc5 12. Rad1 Ne6 13. Be3 Nd7 14. Qd2 Rd8 15.
Qc1 b6 16. Rd3 Re8 17. Rfd1 Ndc5 18. Rd6 Nd4 19. Nxd4 Qxd6 20. Nf5 Qc7 21. Nxg7
Kxg7 22. Bh6+ Kg8 23. Bg5 h6 24. Bxh6 Ne6 25. b4 a6 26. b5 axb5 27. cxb5 Bb7 28.
bxc6 Bxc6 29. Bc4 Rac8 30. Qe3 Kh7 31. Bxe6 Rxe6 32. Qg5 Qe7 33. Qxe7 Rxe7 34.
Bg5 Rd7 35. Rxd7 Bxd7 36. Nd5 Be6 37. Nxb6 Rc6 38. Bd8 Rc1+ 39. Kh2 Rc2 40. Kg3
Rxa2 41. Be7 Ra7 42. Bc5 Ra5 43. Bd6 f6 44. f4 exf4+ 45. Bxf4 g5 46. Be3 Kg6 47.
Bd4 Kf7 48. Kf3 Ra3+ 49. Kf2 Ra2+ 50. Kf3 Bb3 51. Nd5 f5 52. g3 Rd2 53. Ke3 Rd1
54. Bb6 Bxd5 55. exd5 Rxd5 56. Kf3 Rd3+ 57. Kf2 Kf6 58. Be3 Kg6 59. Ke2 Ra3 60.
Kf3 Rc3 61. Kf2 Rc2+ 62. Kg1 Rc4 63. Bb6 f4 64. g4 Rc3 65. Kh2 Rc2+ 66. Kg1 Kf6
67. Bd8+ Ke5 68. Bxg5 Ke4 69. Bd8 Kf3 70. Bh4 Ke2 71. g5 f3 72. Kh1 f2 0-1

[Event "AUTO-ELITE-2501"]
[Site "http://www.queenalice.com/game.php?id=1841460"]
[Date "2024.8.5"]
[Round "2"]
[White "CAPABLANCA79"]
[Black "ichtus"]
[Result "1/2-1/2"]
[WhiteElo "2547"]
[BlackElo "2830"]

1. e4 c5 2. Nf3 d6 3. d4 cxd4 4. Nxd4 Nf6 5. Nc3 g6 6. Be3 Bg7 7. f3 Nc6 8. Qd2
O-O 9. Bc4 Bd7 10. O-O-O Rc8 11. Bb3 Nxd4 12. Bxd4 b5 13. a3 a5 14. e5 dxe5 15.
Bxe5 b4 16. Bxf6 exf6 17. Qxd7 bxc3 18. Bxf7+ Kh8 19. Qxd8 cxb2+ 20. Kxb2 Rfxd8
21. Rxd8+ Rxd8 22. Re1 Bf8 23. Re2 Kg7 24. Be6 Bd6 25. h3 a4 26. Re4 Be5+ 27.
Kc1 Bd4 28. g4 h5 29. f4 f5 30. gxf5 gxf5 31. Bxf5 Kf6 32. Be6 Bc5 33. Kb2 Rd4
34. Rxd4 Bxd4+ 35. c3 Be3 36. f5 Bb6 37. Bd7 h4 38. Kc2 Bc5 39. Bxa4 Kxf5 40.
Kb3 Ke6 41. Be8 Kd6 42. a4 Bb6 43. Kb4 Be3 44. a5 Bf2 45. a6 Be3 46. Kb5 Ba7 47.
c4 Bf2 48. Bc6 Ba7 49. Bb7 Bc5 50. Bd5 Ba7 51. Kb4 Bc5+ 52. Kc3 Ke5 53. Kd3 Kf4
54. Kc3 Ke5 55. Kb3 Kd6 56. Kc2 Ba7 57. Kd1 Ke5 58. Ke2 Kf4 59. Kd3 Ke5 60. Ke2
Kf4 61. Kd3 Ke5 62. Bb7 Bc5 63. Kc3 Bb6 64. Kb4 Kd6 65. Kc3 Ke5 66. Kb4 Kd6 67.
Kb5 Ba7 68. Bg2 Bc5 69. Be4 Ba7 70. Kb4 Bb6 71. Kc3 Ke5 72. Kb4 Kd6 73. Kc3 Ke5
74. Kd3 Bc5 75. Bb7 Kf4 76. Bd5 Ke5 77. Ke2 Kf4 78. Kd3 1/2-1/2

[Event "AUTO-ELITE-2559"]
[Site "http://www.queenalice.com/game.php?id=1846833"]
[Date "2024.11.7"]
[Round "1"]
[White "Marini"]
[Black "ichtus"]
[Result "0-1"]
[WhiteElo "2397"]
[BlackElo "2844"]

1. e4 c5 2. Nf3 d6 3. c3 Nf6 4. Bc4 Nxe4 5. Qa4+ Nd7 6. Bxf7+ Kxf7 7. Qxe4 Nf6
8. Qe2 h6 9. d3 e5 10. c4 Be7 11. Nc3 Re8 12. O-O Kg8 13. Nd2 d5 14. h3 a5 15.
Re1 d4 16. Nce4 Rf8 17. Nf3 Nd7 18. Bd2 Ra6 19. a3 a4 20. Rab1 Qb6 21. Ng3 Bd6
22. Nh4 Bc7 23. Nf3 Qg6 24. b4 axb3 25. Rxb3 b6 26. Bc1 Nf6 27. Nh4 Qf7 28. Nf3
Bd7 29. Nd2 Qg6 30. Kh1 Ba4 31. Rb2 Bc6 32. Kg1 Raa8 33. Rb3 Rf7 34. h4 Ng4 35.
f3 Nf6 36. Nde4 Raf8 37. Rf1 Bd8 38. Bd2 Ba4 39. Rbb1 Nxe4 40. Nxe4 Bxh4 41. Be1
Bd8 42. Bg3 Rf5 43. Bh2 Bc6 44. Rf2 Ba8 45. Kh1 Bg5 46. Nxg5 Qxg5 47. Rxb6 Qh4
48. Kg1 Rh5 49. g3 Rg5 50. Ra6 Qh5 51. Rxa8 Rxa8 52. g4 Qg6 53. a4 h5 54. Rg2
hxg4 55. fxg4 Rxa4 56. Bxe5 Qe6 57. Bb8 Qxe2 58. Rxe2 Ra3 59. Rd2 Rxg4+ 60. Kf2
Rg6 61. Kf3 Re6 62. Bf4 Ra1 0-1

[Event "AUTO-ELITE-2559"]
[Site "http://www.queenalice.com/game.php?id=1846834"]
[Date "2024.11.7"]
[Round "1"]
[White "ichtus"]
[Black "Marini"]
[Result "1-0"]
[WhiteElo "2845"]
[BlackElo "2396"]

1. d4 Nc6 2. e4 Nf6 3. Nc3 e5 4. dxe5 Nxe5 5. f4 Nc6 6. e5 Ng8 7. Be3 Bb4 8. Qd2
Nge7 9. O-O-O d6 10. a3 Bxc3 11. Qxc3 O-O 12. Nf3 Be6 13. Bd3 h6 14. Rhg1 Qd7
15. g4 Bxg4 16. f5 h5 17. h3 Nxf5 18. hxg4 Nxe3 19. gxh5 Nxd1 20. Qd2 Ne3 21.
Qxe3 Nxe5 22. Nxe5 Qe6 23. h6 g6 24. Qe4 Rfd8 25. h7+ Kxh7 26. Nxf7 Qxe4 27.
Bxe4 Rg8 28. Ng5+ Kg7 29. Ne6+ Kf6 30. Nxc7 Rab8 31. Rf1+ Ke7 32. Nd5+ Ke6 33.
Nf4+ Ke5 34. Bxg6 Rgf8 35. Nd3+ Ke6 36. Re1+ Kd7 37. Nb4 Rf2 38. Nd5 Rg8 39. Be4
Rgf8 40. Bd3 Kc6 41. Nc3 a6 42. b4 R2f7 43. Kb2 Kc7 44. Re6 Rh8 45. b5 Kd7 46.
Rg6 axb5 47. Nxb5 d5 48. Rd6+ Ke7 49. Rxd5 Rf6 50. Ka2 Rb6 51. Nd4 Rh4 52. Nf5+
Ke6 53. Ne3 Rh1 54. Bc4 Ke7 55. Bb3 Rh7 56. Rd4 Kf6 57. Re4 Rd6 58. Rb4 Kg5 59.
Kb2 Rd8 60. a4 Rc8 61. Bd5 Rcc7 62. Be4 Rhf7 63. Nd5 Rcd7 64. Rb6 Kh4 65. Kb3
Rg7 66. c4 Rdf7 67. Nc3 Re7 68. Kb4 1-0

[Event "AUTO-ELITE-2559"]
[Site "http://www.queenalice.com/game.php?id=1846839"]
[Date "2024.11.7"]
[Round "1"]
[White "ichtus"]
[Black "raulzampronha"]
[Result "1-0"]
[WhiteElo "2843"]
[BlackElo "2302"]

1. Nf3 Nf6 2. g3 b6 3. Bg2 Bb7 4. O-O e6 5. d4 Be7 6. c4 O-O 7. Nc3 Ne4 8. Bd2
Nxd2 9. Qxd2 d6 10. d5 e5 11. e4 Nd7 12. Qe2 a5 13. Ne1 Bf6 14. Nd3 g6 15. Bh3
Bg7 16. Rae1 Nc5 17. Nxc5 bxc5 18. Kg2 Bc8 19. Bxc8 Qxc8 20. Rd1 f5 21. Rd3 f4
22. Nb5 Qd7 23. h3 Rf6 24. g4 Rf7 25. g5 h6 26. gxh6 Bxh6 27. Qg4 Qe7 28. Kf3
Kh7 29. Rg1 Rg7 30. Rb3 Rgg8 31. Nc3 Qf7 32. Rb7 Rab8 33. Ra7 Ra8 34. Qe6 Qg7
35. Rxa8 Rxa8 36. Nb5 1-0

[Event "AUTO-ELITE-2559"]
[Site "http://www.queenalice.com/game.php?id=1846840"]
[Date "2024.11.7"]
[Round "1"]
[White "raulzampronha"]
[Black "ichtus"]
[Result "0-1"]
[WhiteElo "2291"]
[BlackElo "2842"]

1. d4 Nf6 2. c4 g6 3. Nc3 d5 4. cxd5 Nxd5 5. e4 Nxc3 6. bxc3 Bg7 7. Nf3 c5 8.
Be3 Qa5 9. Qd2 Nc6 10. Rc1 cxd4 11. cxd4 Qxd2+ 12. Kxd2 O-O 13. Bb5 f5 14. exf5
Bxf5 15. Bxc6 bxc6 16. Rxc6 Rab8 17. Rc7 Rb2+ 18. Kc3 Rc2+ 0-1

[Event "AUTO-ELITE-2559"]
[Site "http://www.queenalice.com/game.php?id=1859224"]
[Date "2025.6.29"]
[Round "2"]
[White "gizmokaka"]
[Black "ichtus"]
[Result "1-0"]
[WhiteElo "2779"]
[BlackElo "2840"]

1. e4 c5 2. Nf3 d6 3. d4 cxd4 4. Nxd4 Nf6 5. Nc3 g6 6. Be3 Bg7 7. f3 O-O 8. Qd2
Nc6 9. O-O-O d5 10. exd5 Nxd5 11. Nxc6 bxc6 12. Bd4 Bxd4 13. Qxd4 Qb6 14. Na4
Qc7 15. Bc4 Nb6 16. Bb3 Nxa4 17. Qxa4 1-0

[Event "AUTO-ELITE-2559"]
[Site "http://www.queenalice.com/game.php?id=1859225"]
[Date "2025.6.29"]
[Round "2"]
[White "ichtus"]
[Black "gizmokaka"]
[Result "1/2-1/2"]
[WhiteElo "2831"]
[BlackElo "2789"]

1. Nf3 Nf6 2. g3 d5 3. d4 c5 4. Bg2 cxd4 5. O-O h6 6. b3 e6 7. Bb2 Bc5 8. Nxd4
O-O 9. c4 e5 10. Nc2 dxc4 11. b4 Be7 12. Bxe5 Nc6 13. Bc3 a5 14. b5 Nb4 15. Ne3
Be6 16. Na3 Qc7 17. Nexc4 Rad8 18. Qb3 Bc5 19. Bxf6 gxf6 20. Qf3 b6 21. Qxf6
Bxc4 22. Nxc4 Bd4 23. Qh4 Bxa1 24. Rxa1 Nc2 25. Rc1 Rd4 26. Qxh6 1/2-1/2

[Event "AUTO-ELITE-2610"]
[Site "http://www.queenalice.com/game.php?id=1869136"]
[Date "2026.2.11"]
[Round "1"]
[White "ichtus"]
[Black "Jovanina1"]
[Result "1-0"]
[WhiteElo "2828"]
[BlackElo "2200"]

1. Nf3 c5 2. g3 Nc6 3. Bg2 d5 4. d4 e6 5. O-O h6 6. c4 Nf6 7. Nc3 dxc4 8. dxc5
Qxd1 9. Rxd1 Bxc5 10. Nd2 Ne5 11. Nde4 Be7 12. Nd6+ Bxd6 13. Rxd6 a6 14. Be3 O-O
15. Rad1 Rb8 16. Ba7 Ra8 17. Bc5 Rb8 18. Rd8 Rxd8 19. Rxd8+ Kh7 20. Bd6 Nc6 21.
Bxc6 Ra8 22. Be4+ Nxe4 23. Nxe4 f5 24. Nc5 b5 25. Nxe6 g5 26. Nc7 Rb8 27. Nd5
1-0

[Event "AUTO-OPEN-4640"]
[Site "http://www.queenalice.com/game.php?id=1869619"]
[Date "2026.2.22"]
[Round "1"]
[White "EduardoRo"]
[Black "ichtus"]
[Result "0-1"]
[WhiteElo "1171"]
[BlackElo "2827"]

1. e4 c5 2. Nf3 d6 3. Bc4 Nf6 4. Nc3 e6 5. O-O Be7 6. d4 cxd4 7. Nxd4 a6 8. Nf3
b5 9. Be2 Bb7 10. Bf4 b4 11. Na4 Nxe4 12. c4 bxc3 13. bxc3 Nd7 14. c4 O-O 15.
Bd3 Rc8 16. Re1 Nec5 17. Nxc5 Nxc5 18. a4 e5 19. Be3 Bxf3 20. Qxf3 Nxd3 21. Qg3
Nxe1 22. Bh6 Bf6 23. Rxe1 Rxc4 24. Bd2 Rxa4 25. Qb3 Qd7 26. g3 Qb5 27. Qxb5 axb5
28. Rb1 b4 29. Bxb4 Rb8 0-1

[Event "AUTO-OPEN-4640"]
[Site "http://www.queenalice.com/game.php?id=1869620"]
[Date "2026.2.22"]
[Round "1"]
[White "ichtus"]
[Black "EduardoRo"]
[Result "1-0"]
[WhiteElo "2826"]
[BlackElo "1173"]

1. Nf3 d5 2. d4 e6 3. Bf4 Nf6 4. Nbd2 Bb4 5. c3 Ba5 6. e3 O-O 7. Bd3 Bd7 8. b4
Bb6 9. a4 c6 10. a5 Bc7 11. Bg5 Bd6 12. e4 dxe4 13. Nxe4 Be7 14. Nxf6+ Bxf6 15.
h4 h6 16. Qc2 Qe7 17. Qe2 hxg5 18. Bh7+ Kxh7 19. hxg5+ Kg8 20. Qe4 g6 21. Qh4
1-0

[Event "AUTO-OPEN-4640"]
[Site "http://www.queenalice.com/game.php?id=1869662"]
[Date "2026.2.22"]
[Round "1"]
[White "ichtus"]
[Black "Capixabba789"]
[Result "1-0"]
[WhiteElo "2825"]
[BlackElo "1836"]

1. Nf3 d6 2. d4 Nf6 3. g3 e6 4. Bg2 Be7 5. O-O Bd7 6. c4 Nc6 7. Nc3 O-O 8. e4 a6
9. e5 dxe5 10. dxe5 Ne8 11. Qd3 f5 12. Rd1 1-0